000 00308nam a2200121Ia 4500
008 140130s9999 xx 000 0 und d
245 _cCollins, Susans
_aGregor and the curse of the warmbloods
260 _bScholastic,
_c2005
440 _v1
521 _aGrade 3 - Grade 5
942 _cBK
999 _c41030
_d41030